[Event "POL-ch Seniors"]
[Site "Szklarska Poreba"]
[Date "2022.05.14"]
[Round "1"]
[White "Ziobrowska, Danuta"]
[Black "Krzyzanowska Zadlo, Lidia"]
[Result "1/2-1/2"]
[WhiteElo "1359"]
[BlackElo "1721"]
[PlyCount "117"]
[EventDate "2022.05.13"]
[EventType "swiss"]
[EventRounds "9"]
[EventCountry "POL"]
[SourceTitle "EXT 2024"]
[Source "ChessBase"]
[SourceDate "2023.10.10"]
[SourceVersion "1"]
[SourceVersionDate "2023.10.10"]
[SourceQuality "1"]

1. d4 d5 2. c4 c6 3. Nc3 Nf6 4. Nf3 a6 5. e3 b5 6. c5 Bg4 7. h3 Bxf3 8. Qxf3 Nbd7 9. g3 e5 10. Bg2 g6 11. Qd1 Bg7 12. 0-0 0-0 13. a3 a5 14. b3 Qc7 15. Bb2 e4 16. Ne2 h6 17. f3 exf3 18. Bxf3 Rfe8 19. Qd3 Ne4 20. Bxe4 Rxe4 21. Rf3 Rae8 22. Raf1 R8e7 23. Bc1 R4e6 24. Nf4 Rf6 25. Kg2 Re4 26. Ne2 Rxf3 27. Rxf3 Nf6 28. Nc3 Re8 29. Bd2 h5 30. Rf4 Qe7 31. Nd1 Ra8 32. Nc3 Bh6 33. Rf3 Qe6 34. Qf1 Ne4 35. Nxe4 Qxe4 36. Qd1 Qd3 37. Kf2 Re8 38. Qe2 Qxb3 39. e4 Qb1 40. Bxh6 dxe4 41. Rf6 Qh1 42. Be3 Qxh3 43. Qf1 Qd7 44. Ke2 Re6 45. Rxe6 Qxe6 46. Qf4 Qa2+ 47. Kf1 Qb1+ 48. Kg2 b4 49. axb4 axb4 50. Qf6 Qc2+ 51. Kh3 Qc3 52. Qf2 b3 53. Kh2 Qd3 54. Bh6 e3 55. Qf6 Qe2+ 56. Kh3 Qg4+ 57. Kh2 Qe2+ 58. Kh3 Qg4+ 59. Kh2 1/2-1/2

[Event "Kochan Memorial op 23rd"]
[Site "Koszalin"]
[Date "2012.08.18"]
[Round "9"]
[White "Ziobrowska, Danuta"]
[Black "Szmidt, Przemyslaw"]
[Result "0-1"]
[WhiteElo "1621"]
[BlackElo "1936"]
[PlyCount "82"]
[EventDate "2012.08.11"]
[EventType "swiss"]
[EventRounds "9"]
[EventCountry "POL"]
[SourceTitle "CBM 149 Extra"]
[Source "ChessBase"]
[SourceDate "2012.08.24"]
[SourceVersion "1"]
[SourceVersionDate "2012.08.24"]
[SourceQuality "1"]

1. d4 d5 2. c4 e6 3. Nc3 c5 4. cxd5 cxd4 5. Qxd4 Nc6 6. Qa4 exd5 7. Nf3 Nf6 8. e3 Be7 9. Be2 0-0 10. 0-0 Bf5 11. a3 Qa5 12. Bd2 Qxa4 13. Nxa4 Ne4 14. Nc3 Nxd2 15. Nxd2 d4 16. exd4 Nxd4 17. Bf3 Rfd8 18. b4 Bf6 19. Rac1 Bg5 20. Rcd1 Bxd2 21. Ne4 Nxf3+ 22. gxf3 Bxe4 23. fxe4 Bf4 24. Rd5 Rxd5 25. exd5 Rd8 26. Rd1 Kf8 27. Kg2 Ke7 28. Kf3 g5 29. h4 h6 30. hxg5 hxg5 31. Ke4 Kd6 32. Rd3 Re8+ 33. Kf5 Re5+ 34. Kf6 Rxd5 35. Rb3 Rd2 36. f3 Re2 37. Kxf7 Re3 38. Rxe3 Bxe3 39. Kf6 Kd5 40. a4 Kc4 41. b5 Kb4 0-1

[Event "Kochan Memorial op 23rd"]
[Site "Koszalin"]
[Date "2012.08.16"]
[Round "7"]
[White "Dura, Rafal"]
[Black "Ziobrowska, Danuta"]
[Result "0-1"]
[WhiteElo "1563"]
[BlackElo "1621"]
[PlyCount "80"]
[EventDate "2012.08.11"]
[EventType "swiss"]
[EventRounds "9"]
[EventCountry "POL"]
[SourceTitle "CBM 149 Extra"]
[Source "ChessBase"]
[SourceDate "2012.08.24"]
[SourceVersion "1"]
[SourceVersionDate "2012.08.24"]
[SourceQuality "1"]

1. e4 c6 2. d4 d5 3. e5 Bf5 4. Bd3 Bg6 5. Bxg6 hxg6 6. Nf3 e6 7. Nc3 Bb4 8. Qd3 Nh6 9. a3 Bxc3+ 10. Qxc3 Nf5 11. Qb3 Qb6 12. Qxb6 axb6 13. Bg5 Nd7 14. c3 f6 15. Bd2 g5 16. exf6 gxf6 17. g4 Nh4 18. Nxh4 Rxh4 19. f3 Kf7 20. Kf2 Rah8 21. Kg2 e5 22. h3 Kg6 23. Rae1 R4h7 24. Be3 e4 25. fxe4 dxe4 26. Bf2 Re8 27. Re3 f5 28. gxf5+ Kxf5 29. Bg3 Nf6 30. Rf1+ Kg6 31. Be5 Nd5 32. Re2 b5 33. Rfe1 e3 34. Rf1 Rxe5 35. dxe5 Nf4+ 36. Rxf4 gxf4 37. Rc2 Kf5 38. c4 Rg7+ 39. Kf1 f3 40. Rh2 e2+ 0-1

[Event "Koszalin op"]
[Site "Koszalin"]
[Date "2012.??.??"]
[Round "9"]
[White "Ziobrowska, Danuta"]
[Black "Czaplewska, Klara"]
[Result "1/2-1/2"]
[WhiteElo "1630"]
[BlackElo "1712"]
[PlyCount "91"]
[EventDate "2012.01.06"]
[EventType "swiss"]
[EventRounds "9"]
[EventCountry "POL"]
[SourceTitle "CBM 146 Extra"]
[Source "ChessBase"]
[SourceDate "2012.02.29"]
[SourceVersion "1"]
[SourceVersionDate "2012.02.29"]
[SourceQuality "1"]

1. d4 d5 2. c4 e6 3. Nc3 Nf6 4. Nf3 c5 5. Bg5 dxc4 6. e4 cxd4 7. Nxd4 Be7 8. Bxc4 0-0 9. Bf4 Qb6 10. Nb3 Bb4 11. Qc2 Qc6 12. Bd3 b6 13. 0-0 Bb7 14. Nd4 Qd7 15. Nde2 h6 16. e5 Nd5 17. Rad1 Qe7 18. Bg3 Nd7 19. Ne4 Nc5 20. Nxc5 Bxc5 21. a3 Rac8 22. Qa4 a5 23. Qg4 f5 24. exf6 Nxf6 25. Qg6 Qf7 26. Nf4 Qxg6 27. Bxg6 Bd5 28. Rfe1 Rc6 29. h3 Bb3 30. Rd2 Rfc8 31. Bh4 e5 32. Nd3 Nd7 33. Bf5 Be6 34. Nxe5 Bxf5 35. Nxc6 Rxc6 36. g4 Be6 37. Rxe6 Rxe6 38. Rxd7 Re2 39. b3 Bxa3 40. Rd8+ Kh7 41. Rb8 Bc5 42. Rb7 Kg6 43. Bg3 Re1+ 44. Kg2 Re2 45. Rd7 Rb2 46. Rd3 1/2-1/2

[Event "Koszalin op"]
[Site "Koszalin"]
[Date "2008.06.11"]
[Round "5"]
[White "Wielosz, Jaroslaw"]
[Black "Ziobrowska, Danuta"]
[Result "1-0"]
[WhiteElo "1963"]
[BlackElo "1736"]
[PlyCount "55"]
[EventDate "2008.06.07"]
[EventType "swiss"]
[EventRounds "9"]
[EventCountry "POL"]
[SourceTitle "EXT 2009"]
[Source "ChessBase"]
[SourceDate "2008.11.26"]
[SourceVersion "1"]
[SourceVersionDate "2008.11.26"]
[SourceQuality "1"]

1. d4 d5 2. c4 c6 3. Nf3 Nf6 4. Nc3 Bf5 5. Qb3 Qb6 6. c5 Qxb3 7. axb3 Ne4 8. b4 Nxc3 9. bxc3 Nd7 10. e3 h6 11. b5 cxb5 12. Bxb5 a6 13. c6 bxc6 14. Bxc6 Ra7 15. Ne5 f6 16. g4 Be6 17. Ng6 Rg8 18. Nf4 Bf7 19. Nxd5 Kd8 20. c4 e6 21. Nc3 Bb4 22. Bd2 Kc7 23. Nb5+ axb5 24. Rxa7+ Kxc6 25. cxb5+ Kxb5 26. Bxb4 Kxb4 27. Rxd7 Ra8 28. 0-0 1-0